| 000 | 01015cam a2200277 a 4500 | ||
|---|---|---|---|
| 001 | 12660097 | ||
| 003 | NUST - PNEC | ||
| 005 | 20170116181056.0 | ||
| 008 | 020129s2002 njua b 001 0 eng | ||
| 010 | _a 2002276271 | ||
| 020 | _a0201180758 | ||
| 040 |
_aDLC _cLIBRARY _dDLC |
||
| 050 | 0 | 0 |
_aTA1632 _b.G66 2002 |
| 082 | 0 | 0 |
_a621.367 GON _221 |
| 100 | 1 | _aGonzalez, Rafael C. | |
| 245 | 1 | 0 |
_aDigital image processing / _cRafael C. Gonzalez, Richard E. Woods. |
| 250 | _a2nd ed. | ||
| 260 |
_aUpper Saddle River, N.J. : _bPrentice Hall, _cc2002. |
||
| 300 |
_axx, 793 p. : _bill. ; _c25 cm. |
||
| 504 | _aIncludes bibliographical references and index. | ||
| 650 | 0 |
_aImage processing _xDigital techniques. |
|
| 700 | 1 |
_aWoods, Richard E. _q(Richard Eugene), _d1954- |
|
| 856 | 4 | 1 |
_3Table of contents _uhttp://www.loc.gov/catdir/toc/fy031/2002276271.html |
| 942 |
_2ddc _cBK |
||
| 999 |
_c68548 _d68548 |
||